| 000 | 01414cam a22003494a 4500 | ||
|---|---|---|---|
| 001 | 14987232 | ||
| 003 | Nust- CAS-E | ||
| 005 | 20180118181358.0 | ||
| 008 | 070830s2008 njua b 001 0 eng | ||
| 010 | _a 2007035520 | ||
| 020 | _a9780470239483 | ||
| 020 | _a0470239484 | ||
| 035 | _a(OCoLC)ocn170057780 | ||
| 035 | _a(OCoLC)170057780 | ||
| 040 |
_aDLC _cDLC _dBAKER _dBTCTA _dYDXCP _dC#P _dDLC |
||
| 050 | 0 | 0 |
_aTP339 _b.L64 2008 |
| 082 | 0 | 0 |
_a621.312429 _222 _bLOG 2008 |
| 100 | 1 | _aLogan, Bruce E. | |
| 245 | 1 | 0 |
_aMicrobial fuel cells / _cBruce E. Logan. |
| 260 |
_aHoboken, N.J. : _bWiley-Interscience, _cc2008. |
||
| 300 |
_axii, 200 p. : _bill. (chiefly col.) ; _c27 cm. |
||
| 504 | _aIncludes bibliographical references (p. 189-198) and index. | ||
| 650 | 0 | _aMicrobial fuel cells. | |
| 650 | 0 | _aBiomass energy. | |
| 650 | 0 | _aMicrobial biotechnology. | |
| 856 | 4 | 2 |
_3Publisher description _uhttp://www.loc.gov/catdir/enhancements/fy0742/2007035520-d.html |
| 856 | 4 | 1 |
_3Table of contents only _uhttp://www.loc.gov/catdir/enhancements/fy0743/2007035520-t.html |
| 856 | 4 | 2 |
_3Contributor biographical information _uhttp://www.loc.gov/catdir/enhancements/fy0806/2007035520-b.html |
| 906 |
_a7 _bcbc _corignew _d1 _eecip _f20 _gy-gencatlg |
||
| 942 |
_2ddc _cBK |
||
| 999 |
_c355341 _d355341 |
||